000
00343 a2200157 4500
001
186111
020
_a
978-0-2307-1673-5
040
_c
Magnum
100
_a
Murgatroyd, Nicholas
240
1
0
_a
The Three Musketeers
_l
ING
245
1
0
_a
The Three Musketeers
300
_a
71
362
0
_a
2009
697
_a
LITERATURA INGLESA
942
_c
BK
999
_c
186111
_d
186111